[Event "BL2-Ost 2324"]
[Site "Germany"]
[Date "2024.02.03"]
[Round "5.7"]
[White "Hilverda, Alexander"]
[Black "Wichmann, Cliff"]
[Result "1-0"]
[WhiteElo "2234"]
[BlackElo "2307"]
[PlyCount "91"]
[EventDate "2023.10.21"]
[EventType "team-tourn"]
[EventRounds "10"]
[EventCountry "GER"]
[SourceTitle "EXT 2025"]
[Source "ChessBase"]
[SourceDate "2024.10.14"]
[SourceVersion "1"]
[SourceVersionDate "2024.10.14"]
[SourceQuality "1"]
[WhiteTeam "Erlangen"]
[BlackTeam "Nickelhuette Aue"]
[WhiteTeamCountry "GER"]
[BlackTeamCountry "GER"]

1. d4 Nf6 2. c4 e6 3. g3 d5 4. Nf3 Be7 5. Bg2 0-0 6. 0-0 dxc4 7. Qc2 b6 8. Bg5 Nd5 9. Bxe7 Qxe7 10. Nbd2 Nd7 11. Nxc4 Bb7 12. Rfe1 c5 13. e4 Nb4 14. Qb3 cxd4 15. Nxd4 Qc5 16. a3 Qxd4 17. axb4 Ne5 18. Nxe5 Qxe5 19. Red1 a6 20. f4 Qb5 21. Rd6 Rad8 22. Bf1 Qh5 23. Qd1 Qxd1 24. Raxd1 Rxd6 25. Rxd6 Bxe4 26. Rxb6 Rc8 27. Bxa6 Rc1+ 28. Kf2 f5 29. b5 Rh1 30. h4 Rh2+ 31. Ke3 Rxb2 32. Rxe6 Kf7 33. Re5 Rb3+ 34. Kd4 Kg6 35. g4 Rf3 36. h5+ Kf7 37. gxf5 Bb1 38. b6 Rxf4+ 39. Kc5 Be4 40. Bc4+ Kf6 41. Kd6 Bb7 42. Rc5 Rd4+ 43. Kc7 Be4 44. Bb5 Ke7 45. Re5+ Kf6 46. Rxe4 1-0

[Event "BL2-Ost 2324"]
[Site "Germany"]
[Date "2023.10.21"]
[Round "1.7"]
[White "Hilverda, Alexander"]
[Black "Schmitz, Thorsten"]
[Result "1/2-1/2"]
[WhiteElo "2234"]
[BlackElo "2236"]
[PlyCount "97"]
[EventDate "2023.10.21"]
[EventType "team-tourn"]
[EventRounds "10"]
[EventCountry "GER"]
[SourceTitle "EXT 2025"]
[Source "ChessBase"]
[SourceDate "2024.10.14"]
[SourceVersion "1"]
[SourceVersionDate "2024.10.14"]
[SourceQuality "1"]
[WhiteTeam "Erlangen"]
[BlackTeam "Garching"]
[WhiteTeamCountry "GER"]
[BlackTeamCountry "GER"]

1. d4 Nf6 2. c4 g6 3. Nc3 Bg7 4. e4 d6 5. Nf3 0-0 6. Be2 Nbd7 7. 0-0 e5 8. Re1 c6 9. Bf1 Re8 10. d5 c5 11. a3 h6 12. b4 b6 13. Nd2 Nh7 14. Nb3 f5 15. bxc5 bxc5 16. Nb5 Ndf6 17. exf5 gxf5 18. Bd2 a5 19. Bxa5 Rxa5 20. Nxa5 Qxa5 21. Nxd6 Rd8 22. Nxc8 Rxc8 23. Rxe5 Nd7 24. Rxf5 Bxa1 25. Qxa1 Qd2 26. d6 Re8 27. Rd5 Re1 28. Rxd2 Rxa1 29. Rd3 Nhf8 30. g3 Ne5 31. Rc3 Rd1 32. f4 Nf7 33. Rd3 Rxd3 34. Bxd3 Nxd6 35. Kf2 Nd7 36. a4 Nb8 37. g4 Nc6 38. h4 Na5 39. g5 hxg5 40. hxg5 Naxc4 41. Bxc4+ Nxc4 42. f5 Kf7 43. Kf3 Nd6 44. f6 Ke6 45. a5 c4 46. Ke3 Nb5 47. a6 c3 48. Kd3 Kf7 49. Kc2 1/2-1/2

[Event "Baku op"]
[Site "Baku"]
[Date "2023.05.04"]
[Round "1"]
[White "Petrov, Nikita"]
[Black "Hilverda, Alexander"]
[Result "1-0"]
[WhiteElo "2547"]
[BlackElo "2287"]
[PlyCount "119"]
[EventDate "2023.05.04"]
[EventType "swiss"]
[EventRounds "9"]
[EventCountry "AZE"]
[SourceTitle "CBM 214 Extra"]
[Source "ChessBase"]
[SourceDate "2023.07.31"]
[SourceVersion "1"]
[SourceVersionDate "2023.07.31"]
[SourceQuality "1"]

1. Nf3 d5 2. g3 Bg4 3. Ne5 Bf5 4. c4 c6 5. Qb3 Nd7 6. d4 Nxe5 7. dxe5 Qd7 8. cxd5 Qxd5 9. Qxd5 cxd5 10. Nc3 Rc8 11. e4 dxe4 12. Bb5+ Bd7 13. Bxd7+ Kxd7 14. Nxe4 e6 15. 0-0 Rc4 16. Rd1+ Ke8 17. Bg5 f6 18. Nd2 Rc2 19. Be3 Ne7 20. exf6 gxf6 21. Bxa7 Nc6 22. Be3 Rxb2 23. Rdb1 Rb4 24. a3 Rxb1+ 25. Rxb1 Bxa3 26. Rxb7 Be7 27. Ne4 f5 28. Rc7 Nd8 29. Bg5 Bxg5 30. Nxg5 h6 31. Nf3 Rg8 32. Ne5 f4 33. Kg2 Rg5 34. Nf3 Rg6 35. Nd4 fxg3 36. hxg3 Rf6 37. Ne2 Rf7 38. Rc5 Ke7 39. Nf4 Kd6 40. Rc8 Kd7 41. Ra8 Nc6 42. Nd3 Ke7 43. Rc8 Nd4 44. Rh8 Rf6 45. Ne5 Nf5 46. f4 Ne3+ 47. Kf3 Nf5 48. Kf2 Nd6 49. Kf3 Nf5 50. g4 Nd4+ 51. Ke3 Nc2+ 52. Ke4 Nb4 53. Rh7+ Ke8 54. Rg7 Nd5 55. Ng6 Kd8 56. Ke5 h5 57. g5 Rf5+ 58. Kxe6 Ne3 59. Rd7+ Ke8 60. Rd3 1-0

[Event "Oberliga Bayern 2223"]
[Site "Germany"]
[Date "2023.04.23"]
[Round "9.5"]
[White "Kaunzinger, Albert"]
[Black "Hilverda, Alexander"]
[Result "0-1"]
[WhiteElo "2163"]
[BlackElo "2300"]
[PlyCount "50"]
[EventDate "2022.10.09"]
[EventType "team-tourn"]
[EventRounds "9"]
[EventCountry "GER"]
[SourceTitle "EXT 2025"]
[Source "ChessBase"]
[SourceDate "2024.10.14"]
[SourceVersion "1"]
[SourceVersionDate "2024.10.14"]
[SourceQuality "1"]
[WhiteTeam "Groebenzell"]
[BlackTeam "Erlangen"]
[WhiteTeamCountry "GER"]
[BlackTeamCountry "GER"]

1. e4 c5 2. b3 Nc6 3. Bb2 a6 4. Nc3 Nf6 5. Nf3 e6 6. d4 cxd4 7. Nxd4 Bb4 8. Nxc6 bxc6 9. Qf3 d5 10. exd5 cxd5 11. Be2 0-0 12. 0-0 Bb7 13. Na4 Ne4 14. Bd3 Qh4 15. Rfd1 f5 16. c4 Bd6 17. h3 Ng5 18. Qe3 Bf4 19. Qb6 Rf7 20. Bf1 Bc7 21. Qe3 f4 22. Qd4 e5 23. Qd2 d4 24. Nc5 Bc6 25. f3 Bxf3 0-1

[Event "Werther Schloss op 26th"]
[Site "Werther"]
[Date "2023.04.02"]
[Round "6"]
[White "Kolthoff, Siegmund"]
[Black "Hilverda, Alexander"]
[Result "0-1"]
[WhiteElo "2066"]
[BlackElo "2292"]
[PlyCount "94"]
[EventDate "2023.03.30"]
[EventType "swiss"]
[EventRounds "7"]
[EventCountry "GER"]
[SourceTitle "CBM 213 Extra"]
[Source "ChessBase"]
[SourceDate "2023.05.31"]
[SourceVersion "1"]
[SourceVersionDate "2023.05.31"]
[SourceQuality "1"]

1. e4 c5 2. Nf3 e6 3. d4 cxd4 4. Nxd4 Nc6 5. Nc3 Qc7 6. Be3 a6 7. g4 b5 8. Nxc6 Qxc6 9. Qd2 Bb7 10. f3 Ne7 11. Bg2 Ng6 12. Ne2 Be7 13. 0-0-0 Rc8 14. Kb1 0-0 15. Rhg1 Ne5 16. b3 d5 17. exd5 exd5 18. Nd4 Qd7 19. Bf1 Ba3 20. Bd3 Nxd3 21. Qxd3 Rfe8 22. Bc1 b4 23. Bxa3 bxa3 24. Rge1 Qc7 25. Qd2 g6 26. h4 Re7 27. h5 Rce8 28. h6 a5 29. Rxe7 Rxe7 30. Re1 Qc5 31. Rxe7 Qxe7 32. Qxa5 Qh4 33. Qxa3 Qxh6 34. Qe7 Qf4 35. Qc5 h5 36. gxh5 gxh5 37. Qc3 h4 38. Ne2 Qg5 39. f4 Qg4 40. Qe3 h3 41. Ng3 h2 42. Qe8+ Kg7 43. Qe5+ Kh7 44. Qf6 Qxg3 45. Qxf7+ Kh6 46. Qf6+ Kh5 47. Qf5+ Kh4 0-1

[Event "Werther Schloss op 26th"]
[Site "Werther"]
[Date "2023.03.31"]
[Round "3"]
[White "Hilverda, Alexander"]
[Black "Doering, Carsten"]
[Result "1-0"]
[WhiteElo "2292"]
[BlackElo "2013"]
[PlyCount "71"]
[EventDate "2023.03.30"]
[EventType "swiss"]
[EventRounds "7"]
[EventCountry "GER"]
[SourceTitle "CBM 213 Extra"]
[Source "ChessBase"]
[SourceDate "2023.05.31"]
[SourceVersion "1"]
[SourceVersionDate "2023.05.31"]
[SourceQuality "1"]

1. d4 Nf6 2. c4 g6 3. Nc3 Bg7 4. e4 d6 5. Nf3 0-0 6. Be2 e5 7. 0-0 Na6 8. Be3 Ng4 9. Bg5 Qe8 10. dxe5 dxe5 11. h3 h6 12. Bd2 Nf6 13. Be3 c6 14. a3 Nh7 15. Qd2 Ng5 16. Nxg5 hxg5 17. Bxg5 Nc5 18. Qe3 Nb3 19. Rad1 Nd4 20. Bh6 f5 21. Bxg7 f4 22. Bxf8 fxe3 23. fxe3 Nxe2+ 24. Nxe2 Be6 25. c5 Bc4 26. Rd2 Qe6 27. Bd6 Kg7 28. Rf3 Re8 29. Ng3 Qg8 30. Nh1 Re6 31. Nf2 Qh7 32. Ng4 Qh5 33. Bxe5+ Rxe5 34. Rd7+ Kh8 35. Rf8+ Bg8 36. Nf6 1-0

[Event "BL2-Ost 2122"]
[Site "Germany"]
[Date "2022.07.02"]
[Round "9.5"]
[White "Hilverda, Alexander"]
[Black "Eichner, Sebastian"]
[Result "1-0"]
[WhiteElo "2282"]
[BlackElo "2352"]
[PlyCount "119"]
[EventDate "2022.03.05"]
[EventType "team-tourn"]
[EventRounds "10"]
[EventCountry "GER"]
[SourceTitle "EXT 2023"]
[Source "ChessBase"]
[SourceDate "2022.10.05"]
[SourceVersion "1"]
[SourceVersionDate "2022.10.05"]
[SourceQuality "1"]
[WhiteTeam "Erlangen"]
[BlackTeam "Nickelhuette Aue"]
[WhiteTeamCountry "GER"]
[BlackTeamCountry "GER"]

1. d4 Nf6 2. c4 e6 3. g3 d5 4. Nf3 Be7 5. Bg2 0-0 6. 0-0 dxc4 7. Qc2 a6 8. a4 Bd7 9. Qxc4 Bc6 10. Bg5 Nbd7 11. Nc3 h6 12. Bxf6 Nxf6 13. b4 Bd5 14. Nxd5 exd5 15. Qb3 Ne4 16. b5 Qd6 17. Rfd1 Bf6 18. e3 Rfd8 19. Qc2 Rac8 20. Bh3 Ra8 21. Rac1 axb5 22. axb5 Qb6 23. Qxc7 Qxb5 24. Bf1 Qb2 25. Rc2 Qb4 26. Ne5 Rf8 27. Bg2 Bd8 28. Qd7 Qb3 29. Rdc1 Nf6 30. Qf5 Ra2 31. Rxa2 Qxa2 32. Rb1 b6 33. h3 Bc7 34. Nc6 Re8 35. Nb4 Qa5 36. Nxd5 Kf8 37. Qf3 Nxd5 38. Qxd5 Qd2 39. Qc6 Re7 40. Qa8+ Re8 41. Qc6 Qa2 42. Rd1 Qb3 43. Ra1 Bxg3 44. fxg3 Qxe3+ 45. Kh2 Qxd4 46. Ra7 g6 47. Qf3 Re7 48. Ra8+ Re8 49. Ra2 h5 50. Rf2 Re7 51. h4 Kg7 52. Bf1 Kg8 53. Bb5 Rc7 54. Be8 Qg7 55. Qe3 Rc3 56. Qe7 f5 57. Qe6+ Kf8 58. Bxg6 Qc7 59. Rxf5+ Kg7 60. Rf7+ 1-0

[Event "BL2-Ost 2122"]
[Site "Germany"]
[Date "2022.06.19"]
[Round "8.5"]
[White "Popovic, Dusan"]
[Black "Hilverda, Alexander"]
[Result "1/2-1/2"]
[WhiteElo "2484"]
[BlackElo "2282"]
[PlyCount "164"]
[EventDate "2022.03.05"]
[EventType "team-tourn"]
[EventRounds "10"]
[EventCountry "GER"]
[SourceTitle "EXT 2023"]
[Source "ChessBase"]
[SourceDate "2022.10.05"]
[SourceVersion "1"]
[SourceVersionDate "2022.10.05"]
[SourceQuality "1"]
[WhiteTeam "Deggendorf"]
[BlackTeam "Erlangen"]
[WhiteTeamCountry "GER"]
[BlackTeamCountry "GER"]

1. Nf3 d5 2. g3 Bg4 3. Bg2 c6 4. 0-0 Nd7 5. d3 e6 6. e4 Bc5 7. exd5 exd5 8. c4 Ne7 9. Nc3 0-0 10. cxd5 Nxd5 11. Nxd5 cxd5 12. Qb3 Bb6 13. Bg5 Nf6 14. a4 h6 15. Bd2 a5 16. Rae1 Rc8 17. Bc3 d4 18. Bd2 Be6 19. Rxe6 fxe6 20. Bh3 Kh7 21. Bxe6 Rc5 22. Re1 Bc7 23. Qxb7 Qb8 24. Qxb8 Rxb8 25. b3 Rc2 26. Bc4 Re8 27. Kf1 Rb2 28. h3 g6 29. Rd1 Bb6 30. Bf4 g5 31. Bd2 g4 32. hxg4 Nxg4 33. Bd5 Ne3+ 34. fxe3 dxe3 35. Be4+ Kg8 36. Ke2 exd2 37. Nxd2 Rf8 38. d4 Bxd4 39. Bd5+ Kg7 40. Kd3 Bf6 41. Ne4 Be7 42. Kd4 Rd8 43. Rf1 Kg6 44. Ke5 Re2 45. Kd4 Bg5 46. Rf3 Re1 47. Kc5 Re3 48. Rf1 Be7+ 49. Kc6 Rf8 50. Rd1 Kf5 51. Nd2 Rxg3 52. Nc4 Rf6+ 53. Kd7 Bb4 54. Be6+ Ke4 55. Bd5+ Kf4 56. Rd4+ Kg5 57. Be6 h5 58. Nxa5 Bxa5 59. Rd5+ Kf4 60. Rxa5 Rg7+ 61. Kd6 h4 62. Rh5 Kg3 63. Ke5 Rfg6 64. Kd5 Rg5+ 65. Rxg5+ Rxg5+ 66. Kd4 Rg4+ 67. Ke3 Rb4 68. a5 Rb8 69. Kd4 Re8 70. Bf5 Rf8 71. Be6 Re8 72. Bf5 Kf4 73. Bh3 Re3 74. Bc8 Rxb3 75. a6 Ra3 76. Kd5 Rc3 77. Bb7 Rd3+ 78. Kc5 Ra3 79. Kb6 Rb3+ 80. Kc7 Ra3 81. Kb8 h3 82. a7 Rxa7 1/2-1/2

[Event "BL2-Ost 2122"]
[Site "Germany"]
[Date "2022.04.30"]
[Round "3.4"]
[White "Hilverda, Alexander"]
[Black "Haba, Petr"]
[Result "0-1"]
[WhiteElo "2282"]
[BlackElo "2454"]
[PlyCount "102"]
[EventDate "2022.03.05"]
[EventType "team-tourn"]
[EventRounds "10"]
[EventCountry "GER"]
[SourceTitle "EXT 2023"]
[Source "ChessBase"]
[SourceDate "2022.10.05"]
[SourceVersion "1"]
[SourceVersionDate "2022.10.05"]
[SourceQuality "1"]
[WhiteTeam "Erlangen"]
[BlackTeam "Erfurt"]
[WhiteTeamCountry "GER"]
[BlackTeamCountry "GER"]

1. d4 d5 2. c4 c6 3. Nf3 Nf6 4. Nc3 e6 5. g3 dxc4 6. Bg2 Nbd7 7. 0-0 b5 8. e4 b4 9. Na4 Be7 10. Bg5 Ba6 11. e5 Nd5 12. Bxe7 Qxe7 13. Nd2 c3 14. Ne4 Bxf1 15. Nd6+ Kf8 16. Qxf1 N7b6 17. Nxb6 axb6 18. bxc3 bxc3 19. Qc4 Qd7 20. Bxd5 cxd5 21. Qxc3 g6 22. Rb1 Rb8 23. Qc1 Kg7 24. Rb3 Rhf8 25. Rc3 Rb7 26. g4 Kg8 27. Nxb7 Qxb7 28. h4 Qe7 29. h5 Qb4 30. Qe3 Qb1+ 31. Kg2 gxh5 32. Rd3 h6 33. gxh5 Kh7 34. Qe2 Rg8+ 35. Rg3 Rg5 36. Rxg5 hxg5 37. Qf3 Qf5 38. Kg3 Kh6 39. Qg4 Qd3+ 40. Kh2 Qe4 41. Kg3 Qh1 42. Qe2 Qh4+ 43. Kg2 Qe4+ 44. Qxe4 dxe4 45. Kf1 Kxh5 46. Ke2 Kg4 47. Ke3 Kf5 48. a4 g4 49. Kd2 Kf4 50. Ke2 e3 51. fxe3+ Ke4 0-1

[Event "Cannes op 35th"]
[Site "Cannes"]
[Date "2022.02.27"]
[Round "9"]
[White "Dimitrov, Radoslav"]
[Black "Hilverda, Alexander"]
[Result "1/2-1/2"]
[WhiteElo "2487"]
[BlackElo "2282"]
[PlyCount "142"]
[EventDate "2022.02.21"]
[EventType "swiss"]
[EventRounds "9"]
[EventCountry "FRA"]
[SourceTitle "CBM 207 Extra"]
[Source "ChessBase"]
[SourceDate "2022.05.31"]
[SourceVersion "1"]
[SourceVersionDate "2022.05.31"]
[SourceQuality "1"]

1. c4 e5 2. Nc3 Nf6 3. Nf3 Nc6 4. d4 exd4 5. Nxd4 Bb4 6. g3 Bxc3+ 7. bxc3 Na5 8. e3 0-0 9. Nb3 Nc6 10. Be2 d6 11. 0-0 Re8 12. f3 Qe7 13. e4 h5 14. Bg5 Qe5 15. Qd2 Nh7 16. Be3 h4 17. g4 g5 18. Rae1 Bd7 19. Nd4 Qe7 20. h3 Ne5 21. f4 gxf4 22. Bxf4 Kh8 23. Be3 Rg8 24. Nf5 Bxf5 25. Rxf5 Rg6 26. Ref1 Rag8 27. Rh5 Rf6 28. Rff5 Rxf5 29. exf5 Re8 30. g5 Kg8 31. Bf2 f6 32. g6 Ng5 33. Qd5+ Kg7 34. Bxh4 Nxh3+ 35. Kh1 Nxg6 36. fxg6 Qe4+ 37. Qxe4 Rxe4 38. Bf3 Rxc4 39. Bd5 Kxg6 40. Bxc4 Kxh5 41. Bxf6 Kg6 42. Bd4 c5 43. Be3 Kf5 44. Bd5 b6 45. Kg2 Nf4+ 46. Bxf4 Kxf4 47. Kf2 b5 48. Bc6 a6 49. Ke2 Ke5 50. a4 bxa4 51. Bxa4 d5 52. Kf3 a5 53. Be8 Kf5 54. Ke2 Ke4 55. Bg6+ Kf4 56. Bc2 Ke5 57. Kd2 Kf4 58. Ba4 Ke5 59. Kd3 Kf4 60. Be8 Ke5 61. Kd2 Kf4 62. Kc2 Ke5 63. Kd3 Kf4 64. Bc6 Ke5 65. Ke2 Kd6 66. Ba4 Ke6 67. Kf3 Kf5 68. Bb3 Ke5 69. Bc2 d4 70. Ke2 c4 71. Kd2 dxc3+ 1/2-1/2

[Event "Groningen op 57th"]
[Site "Groningen"]
[Date "2019.12.30"]
[Round "9"]
[White "Zwirs, Nico"]
[Black "Hilverda, Alexander"]
[Result "1-0"]
[WhiteElo "2422"]
[BlackElo "2294"]
[PlyCount "74"]
[EventDate "2019.12.21"]
[EventType "swiss"]
[EventRounds "9"]
[EventCountry "NED"]
[SourceTitle "CBM 194 Extra"]
[Source "ChessBase"]
[SourceDate "2020.03.31"]
[SourceVersion "1"]
[SourceVersionDate "2020.03.31"]
[SourceQuality "1"]

1. c4 e5 2. a3 Nf6 3. d3 c6 4. Nf3 Be7 5. g3 0-0 6. Bg2 Re8 7. 0-0 Bf8 8. Nc3 h6 9. e4 d5 10. exd5 cxd5 11. cxd5 Nxd5 12. Nxd5 Qxd5 13. Re1 Bg4 14. h3 Bxf3 15. Bxf3 Qd7 16. d4 Nc6 17. dxe5 Nxe5 18. Qxd7 Nxd7 19. Be3 Nc5 20. Rad1 a5 21. Rd5 Rad8 22. Red1 Rxd5 23. Rxd5 b6 24. Kf1 Be7 25. Ke2 Bf6 26. b4 axb4 27. axb4 Na6 28. b5 Nc7 29. Rd3 Bg5 30. Bc6 Rb8 31. f4 Bf6 32. Rd7 Ne6 33. Bd5 Kf8 34. Bxe6 fxe6 35. Rd6 Ke7 36. Rxb6 Ra8 37. Bc5+ Kd7 1-0

[Event "Groningen op 57th"]
[Site "Groningen"]
[Date "2019.12.29"]
[Round "8"]
[White "Hilverda, Alexander"]
[Black "Davtyan, Artur"]
[Result "0-1"]
[WhiteElo "2294"]
[BlackElo "2437"]
[PlyCount "46"]
[EventDate "2019.12.21"]
[EventType "swiss"]
[EventRounds "9"]
[EventCountry "NED"]
[SourceTitle "CBM 194 Extra"]
[Source "ChessBase"]
[SourceDate "2020.03.31"]
[SourceVersion "1"]
[SourceVersionDate "2020.03.31"]
[SourceQuality "1"]

1. d4 d5 2. c4 c6 3. Nf3 Nf6 4. Nc3 e6 5. g3 dxc4 6. Bg2 Nbd7 7. 0-0 b5 8. e4 b4 9. Na4 Be7 10. Qc2 Ba6 11. Re1 0-0 12. Bg5 Bb5 13. Nc5 Nxc5 14. dxc5 Nd7 15. Red1 Bxg5 16. Nxg5 Qxg5 17. Rxd7 Rad8 18. Rad1 Rxd7 19. Rxd7 Qxc5 20. Bf1 g6 21. Rd1 c3 22. bxc3 bxc3 23. Rc1 Rd8 0-1

[Event "Groningen op 57th"]
[Site "Groningen"]
[Date "2019.12.27"]
[Round "6"]
[White "Pacher, Milan"]
[Black "Hilverda, Alexander"]
[Result "1/2-1/2"]
[WhiteElo "2427"]
[BlackElo "2294"]
[PlyCount "75"]
[EventDate "2019.12.21"]
[EventType "swiss"]
[EventRounds "9"]
[EventCountry "NED"]
[SourceTitle "CBM 194 Extra"]
[Source "ChessBase"]
[SourceDate "2020.03.31"]
[SourceVersion "1"]
[SourceVersionDate "2020.03.31"]
[SourceQuality "1"]

1. d4 d5 2. c4 e6 3. Nc3 Bb4 4. e3 Nf6 5. Nf3 0-0 6. Bd3 dxc4 7. Bxc4 c5 8. 0-0 b6 9. a3 Bxc3 10. bxc3 Bb7 11. Qe2 Nc6 12. Bb2 Na5 13. Bd3 Be4 14. Ne5 Bxd3 15. Qxd3 Qd5 16. f3 Qb3 17. Qe2 cxd4 18. cxd4 Rac8 19. Rac1 Nd5 20. e4 Ne3 21. Rxc8 Rxc8 22. Rc1 Rxc1+ 23. Bxc1 Nec4 24. Nxc4 Nxc4 25. d5 b5 26. h4 h6 27. Kh2 a5 28. h5 b4 29. axb4 axb4 30. Bf4 e5 31. Bg3 Qc3 32. Qa2 b3 33. Qa8+ Kh7 34. Qc8 b2 35. Qf5+ Kg8 36. Qc8+ Kh7 37. Qf5+ Kg8 38. Qc8+ 1/2-1/2

[Event "Karlsruhe Grenke op"]
[Site "Karlsruhe"]
[Date "2019.04.19"]
[Round "3"]
[White "Hilverda, Alexander"]
[Black "Annaberdiev, Meilis"]
[Result "0-1"]
[WhiteElo "2326"]
[BlackElo "2525"]
[PlyCount "112"]
[EventDate "2019.04.18"]
[EventType "swiss"]
[EventRounds "9"]
[EventCountry "GER"]
[SourceTitle "CBM 189 Extra"]
[Source "ChessBase"]
[SourceDate "2019.05.31"]
[SourceVersion "1"]
[SourceVersionDate "2019.05.31"]
[SourceQuality "1"]

1. d4 Nf6 2. c4 e6 3. g3 c5 4. d5 exd5 5. cxd5 d6 6. Nc3 g6 7. Bg2 Bg7 8. Nf3 0-0 9. 0-0 Re8 10. Bf4 a6 11. a4 h6 12. Re1 g5 13. Bc1 Nbd7 14. Qc2 Rb8 15. Rb1 Qc7 16. h4 g4 17. Nd2 Ne5 18. b3 b5 19. Bb2 Bd7 20. axb5 axb5 21. Nd1 Ra8 22. Ne3 Qd8 23. Ra1 Qe7 24. Nf5 Bxf5 25. Qxf5 Qd7 26. Qc2 Ng6 27. Nf1 Nh5 28. Bxg7 Nxg7 29. Ne3 Ne5 30. Be4 Qe7 31. Kg2 h5 32. Bh7+ Kf8 33. Nf5 Qf6 34. Rxa8 Rxa8 35. Nxg7 Kxg7 36. Bd3 c4 37. bxc4 bxc4 38. Be4 Rc8 39. Rc1 Rc5 40. Qd2 Nd7 41. f3 Qe5 42. Qg5+ Qxg5 43. hxg5 Nb6 44. f4 c3 45. Kf2 f6 46. gxf6+ Kxf6 47. Bg2 Na4 48. Ke3 Rb5 49. Be4 Rb4 50. Bg2 Rb3 51. Kd4 Rb2 52. Re1 Rd2+ 53. Ke3 Nb2 54. Rc1 Nd1+ 55. Ke4 Rxe2+ 56. Kd4 Rxg2 0-1

[Event "Oberliga Bayern 1819"]
[Site "Bayern"]
[Date "2019.02.24"]
[Round "7.1"]
[White "Belezky, Alexander"]
[Black "Hilverda, Alexander"]
[Result "1-0"]
[WhiteElo "2380"]
[BlackElo "2370"]
[PlyCount "59"]
[EventDate "2018.10.21"]
[EventType "team-tourn"]
[EventRounds "9"]
[EventCountry "GER"]
[SourceTitle "EXT 2020"]
[Source "ChessBase"]
[SourceDate "2019.10.17"]
[SourceVersion "1"]
[SourceVersionDate "2019.10.17"]
[SourceQuality "1"]
[WhiteTeam "Bayern Muenchen II"]
[BlackTeam "Erlangen SC"]
[WhiteTeamCountry "GER"]
[BlackTeamCountry "GER"]

1. Nf3 f5 2. d4 Nf6 3. Bf4 d6 4. h3 g6 5. e3 Bg7 6. Nbd2 0-0 7. c3 e6 8. Qc2 Qe7 9. Bh2 Nbd7 10. 0-0-0 e5 11. Qb3+ Kh8 12. Qa3 Ne4 13. dxe5 Nxf2 14. exd6 cxd6 15. Bxd6 Qe8 16. Bb5 Nxh1 17. Rxh1 Rf6 18. Nc4 a6 19. Bxd7 Bxd7 20. Be5 Re6 21. Nd6 Qf8 22. Bf4 h6 23. Nd4 Bxd4 24. exd4 Bc6 25. c4 Bxg2 26. Rg1 Re2 27. Qg3 Rd8 28. Qxg6 Rxd6 29. Bxd6 Qe8 30. Qxe8+ 1-0

[Event "Oberliga Bayern 1819"]
[Site "Bayern"]
[Date "2019.02.03"]
[Round "6.1"]
[White "Hilverda, Alexander"]
[Black "Heika, Martin"]
[Result "0-1"]
[WhiteElo "2370"]
[BlackElo "2375"]
[PlyCount "74"]
[EventDate "2018.10.21"]
[EventType "team-tourn"]
[EventRounds "9"]
[EventCountry "GER"]
[SourceTitle "EXT 2020"]
[Source "ChessBase"]
[SourceDate "2019.10.17"]
[SourceVersion "1"]
[SourceVersionDate "2019.10.17"]
[SourceQuality "1"]
[WhiteTeam "Erlangen SC"]
[BlackTeam "Kareth Lappersdorf"]
[WhiteTeamCountry "GER"]
[BlackTeamCountry "GER"]

1. d4 Nf6 2. c4 e6 3. g3 d5 4. Nf3 Be7 5. Bg2 0-0 6. 0-0 dxc4 7. Qc2 b6 8. Ne5 Qxd4 9. Bxa8 Qxe5 10. Bf3 Nd5 11. Qxc4 Ba6 12. Qa4 c5 13. Na3 b5 14. Qe4 Nc6 15. Nc2 Bf6 16. Rd1 Qc7 17. Ne3 Nd4 18. Ng4 Be7 19. Rxd4 cxd4 20. Qxd4 Rd8 21. Bh6 Nf6 22. Qf4 e5 23. Rc1 Rd1+ 24. Kg2 Rxc1 25. Nxf6+ Bxf6 26. Qxc1 Qe7 27. Be3 e4 28. Bg4 b4 29. Qc2 g6 30. Qa4 h5 31. Bxh5 Bc8 32. Qc6 Qe6 33. Qxe6 Bxe6 34. Bxg6 fxg6 35. b3 a5 36. Bb6 a4 37. Bc5 Bxb3 0-1

[Event "Rilton Cup 48th"]
[Site "Stockholm"]
[Date "2019.01.04"]
[Round "8"]
[White "Rahul, Kumar Pune"]
[Black "Hilverda, Alexander"]
[Result "1/2-1/2"]
[WhiteElo "2212"]
[BlackElo "2362"]
[PlyCount "90"]
[EventDate "2018.12.27"]
[EventType "swiss"]
[EventRounds "9"]
[EventCountry "SWE"]
[SourceTitle "CBM 188 Extra"]
[Source "ChessBase"]
[SourceDate "2019.02.28"]
[SourceVersion "1"]
[SourceVersionDate "2019.02.28"]
[SourceQuality "1"]

1. d4 Nf6 2. Bf4 g6 3. Nf3 d6 4. Nbd2 Bg7 5. h3 0-0 6. e3 b6 7. Be2 Bb7 8. 0-0 Nbd7 9. a4 a6 10. Bh2 Qe8 11. a5 b5 12. c4 bxc4 13. Nxc4 Ne4 14. Qc2 c5 15. Bd3 cxd4 16. exd4 Nef6 17. Qe2 Nd5 18. Rfe1 Qd8 19. Qd2 Nc7 20. Be2 Nb5 21. Qf4 Rc8 22. Ncd2 e5 23. dxe5 dxe5 24. Qb4 Rc5 25. Rad1 Qa8 26. Nc4 Nd4 27. Nxd4 exd4 28. Nb6 Nxb6 29. Qxc5 Na4 30. Qb4 Nxb2 31. Rb1 Bxg2 32. Rxb2 d3 33. Bxd3 Bxb2 34. Qxb2 Bxh3 35. Be4 Re8 36. Be5 Qd8 37. Qc3 Qg5+ 38. Bg3 h5 39. f4 Qg4 40. Kh1 h4 41. Bd5 Rxe1+ 42. Bxe1 Qxf4 43. Qxh3 Qe5 44. Bxf7+ Kxf7 45. Qxh4 Qh5 1/2-1/2

[Event "Rilton Cup 48th"]
[Site "Stockholm"]
[Date "2018.12.30"]
[Round "4"]
[White "Hilverda, Alexander"]
[Black "Hammarstrom, Ulf"]
[Result "1-0"]
[WhiteElo "2362"]
[BlackElo "2214"]
[PlyCount "111"]
[EventDate "2018.12.27"]
[EventType "swiss"]
[EventRounds "9"]
[EventCountry "SWE"]
[SourceTitle "CBM 188 Extra"]
[Source "ChessBase"]
[SourceDate "2019.02.28"]
[SourceVersion "1"]
[SourceVersionDate "2019.02.28"]
[SourceQuality "1"]

1. d4 Nf6 2. c4 e6 3. g3 d5 4. Nf3 Be7 5. Bg2 0-0 6. 0-0 dxc4 7. Qc2 b5 8. a4 b4 9. Nfd2 c6 10. Nxc4 Qxd4 11. Rd1 Qc5 12. Be3 Qh5 13. Nbd2 Ng4 14. Nf3 Ba6 15. h3 Nxe3 16. Nxe3 Bb7 17. a5 c5 18. a6 Bc6 19. g4 Qh6 20. Ne5 Bxg2 21. Kxg2 Qf4 22. N3c4 f5 23. e3 Qe4+ 24. Qxe4 fxe4 25. Nd6 Rd8 26. Nec4 Nc6 27. Nxe4 Rd5 28. Rdc1 Ne5 29. Nxe5 Rxe5 30. Rc4 Rc8 31. Ra5 Rc6 32. Kf3 Rd5 33. Ke2 Rd8 34. b3 Rb8 35. Nxc5 Rbb6 36. f4 Bxc5 37. Raxc5 Rxc5 38. Rxc5 Rxa6 39. Rb5 Ra2+ 40. Kd3 a5 41. Kd4 Rb2 42. Rxa5 Rxb3 43. h4 Rb1 44. Ke5 Re1 45. e4 b3 46. Rb5 Re3 47. g5 Kf7 48. h5 Ke7 49. Rb7+ Kd8 50. Kxe6 Rxe4+ 51. Kf7 Rxf4+ 52. Kxg7 Ke8 53. Rxb3 Rf5 54. g6 hxg6 55. Re3+ Kd7 56. h6 1-0